000 00798nam a22002057a 4500
999 _c6990
_d6990
003 AR-CdUCM
008 190319b ||||| |||| 00| 0 spa d
040 _aMUNICIPALIDAD PROVINCIAL DEL CUSCO
_cBIBLIOTECA MUNICIPAL DEL CUSCO
082 _a636.296 /
_bC15
100 _aCalle Escobar, Rigoberto,
_919707
245 _aProducción y mejoramiento de la alpaca /
260 _aLima :
_bBanco Agrario del Perú,
_c1982.
300 _a334 paginas ;
_bIlustraciones, cuadros,
_c21 cm.
505 _aGeneralidades sobre los camelidos -- Importancia de la explotación -- Evolución de la crianza de los auquenidos -- La alpaca -- Manejo de la alpaca...
650 _aCamelidos
_912197
650 _aAlpacas
_919708
650 _aCuidado de la alpaca
_919709
942 _2ddc
_cLIBROS
945 _awnts